Responses for show #3837 - Tuesday, April 17, 2001

Larry Cloud game 4.

Contestants

John Haworth, a psychology professor from Jacksonville, Florida

Jay Myer, a vice president of sales from Alpharetta, Georgia

Larry Cloud, a computer consultant from Inglewood, California (whose 3-day cash winnings total $40,100)

Jeopardy! Round responses

BALLET'S IN THE HOUSE
(Alex: You have to give the home city of each ballet company)
HOLLYWOOD'S BIGGEST GROSSERS
(Alex: You have to name the biggest-grossing film of each year)
PLOTS
PENNY FOR YOUR THOUGHTS
BOXERS
BRIEFS
    $100 25
Moscow

Jay
    $100 19
Back to the Future

Larry
    $100 14
China

Larry
    $100 1
Talk

John
    $100 6
George Foreman

Jay
    $100 7
Justice of the Peace

Larry
    $200 27
New York City

Larry
    $200 20
Rocky

Larry
    $200 15
Marion Barry

John
    $200 2
(John: Who is Hank Williams?)

Elvis Presley

John
Triple Stumper
    $200 10
(Jay: Who is Holyfield?)

Muhammad Ali

JayJohn
    $200 8
National Rifle Association

Larry
    $300 28
London

Jay
    $300 21
Independence Day

John
    $300 16
South Korea

Larry
    $300 3
Richard Nixon

Larry
    $300 11
Mike Tyson

John
    $300 9
Latter-day Saints

Jay
    $400 29
Chicago

John
    $400 23
Terminator 2

John
    $400 17
Slobodan Milosevic

John
    $400 4
The world

Larry
    $400 12
Evander Holyfield

Larry
    $400 22
Examine your zipper

Jay
    $500 30
Saint Petersburg (Russia)

Larry
    $500 24
(John: What is "Pretty Woman?")

Home Alone

LarryJohn
    $500 18
Iran

Triple Stumper
    $500 5
Fulgencio Batista

John
    $500 13
Oscar De La Hoya

Larry
    $500 26
Manufacturer's Suggested Retail Price

Larry

Scores at the first commercial break (after clue 15):

Larry Jay John
$2,000 $200 $1,100

Scores at the end of the Jeopardy! Round:

Larry Jay John
$4,300 $1,000 $2,100

Double Jeopardy! Round responses

GEOGRAPHIC SAINTS
LOUSY SOUVENIRS
CALL ME SMITTY
PENGUINS
ASSOCIATIONS
"DEC" ME
    $200 11
Saint Louis

Larry
    $200 1
Toreador pants

Triple Stumper
    $200 16
Kate Smith

John
    $200 21
Fly

Larry
    $200 26
Trees

Jay
    $200 2
Decoy

John
    $400 12
Saint John's

John
    $400 4
(John: What is a hula skirt?)

Muumuu

JayJohn
    $400 17
Maggie Smith

Larry
    $400 22
Seal

Larry
    $400 27
Elks

Jay
    $400 3
Decapitate

Larry
    $600 13
Saint Croix

Jay
    $600 8
Waistcoat

John
    $600 18
Al Smith

Larry
    $600 23
Rookery

John
    $1,600 28
Alexander Graham Bell

Jay
    $600 5
Declaration

Larry
    $800 14
(Jay: What is Saint Thomas?)
(L: What is Saint Helen's?)

St. Helena

LarryJay
Triple Stumper
    $800 9
Muscle shirt

Jay
    $800 19
Dean Smith

John
    $2,000 24
King penguin

John
    $800 29
Forensics

Jay
    $800 6
Decrepit

Larry
    $1000 15
(John: Where is Saint-Lo?)

Saint Denis

John
Triple Stumper
    $1000 10
Ulster

Triple Stumper
    $1000 20
Ian Smith

John
    $1000 25
Macaroni penguin

Triple Stumper
    $1000 30
(L: What is the Women's Christian Temperance Union?)
(Alex: We discussed this, & can't accept your response since "Woman's" was part of the clue)

Woman's Christian Temperance Union

Larry
Triple Stumper
    $1000 7
Declasse

John

Scores at the end of the Double Jeopardy! Round:

Larry Jay John
$6,100 $5,000 $7,500

[wagering suggestions for these scores]

Final Jeopardy! Round responses

POETS
JayWho was Tennyson
$500
LarryWho was Tennyson?
$6,100
JohnWho is Byron
$5,500
Alfred Lord Tennyson

Final scores:

Larry Jay John
$12,200 $5,500 $2,000
4-day champion: $52,300 2nd place: Trip to Marco Island Marriott Resort, Florida 3rd place: Fisher Sound Stage Component Home Theater

Game dynamics:

Coryat scores:

Larry Jay John
$6,100 $4,000 $6,300
22 R
(including 1 DD),
2 W
12 R
(including 1 DD),
2 W
18 R
(including 1 DD),
4 W

Combined Coryat: $16,400

The J! Archive is created by fans, for fans. The Jeopardy! game show and all elements thereof, including but not limited to copyright and trademark thereto, are the property of Jeopardy Productions, Inc. and are protected under law. This website is not affiliated with, sponsored by, or operated by Jeopardy Productions, Inc. Join the discussion at JBoard.tv.